000 00548nam a2200181Ia 4500
005 20250423095605.0
008 250422s9999 xx 000 0 und d
020 _a059610197X
050 _aQA 76.76 .H94 .F74/
100 _aFreeman, Elisabeth.
245 0 _aHead first HTML with CSS & XHTML |h [electronic resource]
260 _aSebastopol
260 _bO'Reilly
260 _cc2006
300 _a658 p
650 _aHTML (Document markup language) XHTML (Document markup language) Cascading style sheets. Web sites_Design.
942 _cBK
999 _c30738
_d30738